[Event "AChIP06"]
[Site "Paris"]
[Date "????.??.??"]
[Round "7.15"]
[White "Monange, Serge"]
[Black "Leuly, Max"]
[Result "1/2-1/2"]
[WhiteElo "2048"]
[BlackElo "2157"]
[PlyCount "44"]

1. d4 Nf6 2. Nc3 d5 3. Bg5 e6 4. e4 dxe4 5. Nxe4 Nbd7 6. Qf3 Be7 7. O-O-O Nxe4
8. Bxe7 Qxe7 9. Qxe4 Nf6 10. Qf3 O-O 11. g4 c6 12. c4 e5 13. g5 Ng4 14. h4 exd4
15. Bd3 Ne5 16. Qe4 Nxd3+ 17. Qxd3 c5 18. Nf3 Bg4 19. Rde1 Qd6 20. Ne5 Be6 21.
f4 f6 22. gxf6 Rxf6 1/2-1/2

[Event "AChIP06"]
[Site "Paris"]
[Date "????.??.??"]
[Round "8.11"]
[White "Baillon, Olivier"]
[Black "Lorand, Philippe"]
[Result "1-0"]
[WhiteElo "2207"]
[BlackElo "2144"]
[PlyCount "77"]

1. e4 c5 2. Nf3 d6 3. d4 cxd4 4. Qxd4 Nc6 5. Bb5 Bd7 6. Bxc6 Bxc6 7. Nc3 e6 8.
Bg5 Nf6 9. O-O-O Be7 10. Qd3 O-O 11. Nd4 Qa5 12. f4 Rfd8 13. h4 Rab8 14. Kb1
Be8 15. f5 Bd7 16. g4 b5 17. Nce2 e5 18. Bxf6 gxf6 19. Nb3 Qc7 20. Nc3 Bc6 21.
Qe3 Rdc8 22. Rh2 a5 23. Nd5 Bxd5 24. Rxd5 a4 25. Nc1 b4 26. Rg2 b3 27. axb3
axb3 28. Nxb3 Qc4 29. Qe2 Qb4 30. g5 Kh8 31. g6 fxg6 32. fxg6 Rg8 33. h5 h6 34.
Qd2 Kg7 35. Qxb4 Rxb4 36. Nd2 Ra8 37. c3 Rba4 38. Kc2 Ra1 39. Nc4 1-0

[Event "AChIP06"]
[Site "Paris"]
[Date "????.??.??"]
[Round "8.12"]
[White "N'Kada, Alexandre"]
[Black "Giroux, Fabrice"]
[Result "1/2-1/2"]
[WhiteElo "2130"]
[BlackElo "2204"]
[PlyCount "155"]

1. e4 e6 2. d4 d5 3. exd5 exd5 4. c4 Nf6 5. Nc3 Be7 6. Bd3 Nc6 7. cxd5 Nxd5 8.
Nge2 Bg4 9. O-O O-O 10. f3 Bh5 11. Nxd5 Qxd5 12. Be4 Qd7 13. Nf4 Bg6 14. Nxg6
hxg6 15. Be3 Bf6 16. d5 Ne7 17. Qb3 Nf5 18. Bc5 Nd6 19. Rac1 Rfe8 20. Bd3 a6
21. Qc2 Nb5 22. Be4 Rac8 23. a4 Nd6 24. Bxd6 cxd6 25. Qb3 Bd4+ 26. Kh1 Qe7 27.
Rc4 Bc5 28. Qc2 a5 29. Bd3 Qe5 30. Rg4 Qxd5 31. Bc4 Qf5 32. Qb3 b6 33. Re4 Re5
34. Rh4 d5 35. Bd3 Qe6 36. Qd1 Re8 37. g3 Bb4 38. f4 Re3 39. f5 Qd6 40. fxg6
fxg6 41. Rhf4 Re1 42. Qg4 Bd2 43. R4f2 Rxf1+ 44. Rxf1 Re6 45. Rf2 Be3 46. Rc2
Bc5 47. Re2 Rxe2 48. Qxe2 Qf6 49. Qe8+ Kh7 50. Qe2 Qd4 51. Kg2 Kh6 52. Qd2+ g5
53. h4 Qe3 54. Qxe3 Bxe3 55. Kf3 Bd4 56. hxg5+ Kxg5 57. b3 Kf6 58. Kg4 Ke5 59.
Kf3 Bg1 60. Kg2 Kd4 61. Bb5 Be3 62. Kf3 Bg5 63. Bc6 Kc5 64. Bb7 Bc1 65. Ke2 Kd4
66. Kd1 Ba3 67. Ke2 Ke4 68. Bc6 Bb4 69. Bb7 g5 70. Bc6 Bd6 71. g4 Bb4 72. Bb7
Kd4 73. Kf3 Bc3 74. Bc6 Kc5 75. Bb7 d4 76. Ke4 Kb4 77. Bd5 Ka3 78. Kd3 1/2-1/2

[Event "AChIP06"]
[Site "Paris"]
[Date "????.??.??"]
[Round "8.13"]
[White "Bes, Stephane"]
[Black "Monange, Serge"]
[Result "1/2-1/2"]
[WhiteElo "2179"]
[BlackElo "2048"]
[PlyCount "112"]

1. d4 Nc6 2. Nf3 d5 3. c4 e5 4. dxe5 Bb4+ 5. Bd2 dxc4 6. Qc2 Qe7 7. e3 Nxe5 8.
Nxe5 Bxd2+ 9. Nxd2 Qxe5 10. Nxc4 Qe7 11. g3 Qb4+ 12. Nd2 Ne7 13. Bg2 O-O 14. a3
Qb5 15. a4 Qa6 16. b4 Bg4 17. b5 Qf6 18. O-O c6 19. Ne4 Qg6 20. Qb2 Rfe8 21.
Nc3 Qf6 22. Qb4 Bf3 23. Ne4 Bxe4 24. Bxe4 Nd5 25. Bxd5 cxd5 26. Rad1 Qf3 27.
Rd4 Re4 28. Qc5 Rxd4 29. Qxd4 b6 30. Rd1 Rd8 31. e4 Qg4 32. Kg2 h5 33. exd5 Qf5
34. h4 Rd6 35. Qc4 Qe5 36. Qc8+ Kh7 37. Qc2+ Kg8 38. Qc4 Kh7 39. Qd3+ g6 40.
Qd4 Qf5 41. Rd3 Kg8 42. Kg1 Kh7 43. Qc4 Rf6 44. Rd2 Rd6 45. Rd4 Kg7 46. Qc7
Rxd5 47. Rxd5 Qxd5 48. Qxa7 Qd1+ 49. Kh2 Qd4 50. Qa8 Qxf2+ 51. Qg2 Qd4 52. Qc2
Kh7 53. Kg2 Kg7 54. Qb3 Kh7 55. Qxf7+ Kh8 56. Qxg6 Qf2+ 1/2-1/2

[Event "AChIP06"]
[Site "Paris"]
[Date "????.??.??"]
[Round "8.14"]
[White "Olivier, Philippe"]
[Black "Gidel, Jean-Louis"]
[Result "0-1"]
[WhiteElo "2119"]
[BlackElo "2173"]
[PlyCount "66"]

1. e4 g6 2. d4 Bg7 3. Nc3 c6 4. f4 d5 5. e5 Nh6 6. Be3 f6 7. Nf3 O-O 8. Be2 Bg4
9. O-O Nd7 10. Qe1 Nf5 11. Bf2 fxe5 12. Nxe5 Nxe5 13. fxe5 Bxe2 14. Qxe2 e6 15.
g4 Nh4 16. Bg3 Qg5 17. Kh1 h5 18. Rf2 hxg4 19. Bxh4 Qxh4 20. Raf1 Rf5 21. Rxf5
gxf5 22. Qf2 Qxf2 23. Rxf2 Kf7 24. Kg2 Rh8 25. Ne2 Bh6 26. c3 Be3 27. Rf1 Kg6
28. b3 Kg5 29. c4 f4 30. Kh1 f3 31. Ng1 Bxd4 32. cxd5 cxd5 33. Rxf3 Rxh2+ 0-1

[Event "AChIP06"]
[Site "Paris"]
[Date "????.??.??"]
[Round "8.15"]
[White "Sonter, Matthew"]
[Black "Gouanelle, Franck"]
[Result "1-0"]
[WhiteElo "2169"]
[BlackElo "2121"]
[PlyCount "101"]

1. e4 c6 2. d4 g6 3. Nc3 Bg7 4. Nf3 d5 5. h3 Nh6 6. Bd3 O-O 7. O-O dxe4 8. Nxe4
Nf5 9. c3 Nd7 10. Bf4 Nf6 11. Nxf6+ exf6 12. Re1 Be6 13. Qc2 b5 14. a4 a6 15.
axb5 axb5 16. Rxa8 Qxa8 17. d5 Bxd5 18. Bxf5 Bxf3 19. gxf3 gxf5 20. Qxf5 Qc8
21. Qg4 Qxg4+ 22. fxg4 Rc8 23. Re7 Bf8 24. Rb7 Kg7 25. Kg2 Rd8 26. Rb6 Bd6 27.
Be3 Rc8 28. h4 f5 29. gxf5 Kf6 30. Rb7 Bc7 31. Kf3 Kxf5 32. Bf4 Bxf4 33. Rxf7+
Ke5 34. Rxf4 Rd8 35. Rf7 Rd2 36. Rxh7 Rxb2 37. Re7+ Kd5 38. h5 Rc2 39. Re3 Rc1
40. Kg2 Ra1 41. h6 Kc4 42. h7 Ra8 43. Rh3 Rh8 44. f4 c5 45. f5 b4 46. cxb4 cxb4
47. f6 b3 48. f7 b2 49. Rh1 Rxh7 50. Rxh7 b1=Q 51. Rh4+ 1-0

[Event "AChIP06"]
[Site "Paris"]
[Date "????.??.??"]
[Round "9.11"]
[White "Lacrosse, Marc"]
[Black "Leroux, Richard"]
[Result "1-0"]
[WhiteElo "2225"]
[BlackElo "2150"]
[PlyCount "85"]

1. d4 d5 2. c4 e6 3. Nf3 Nf6 4. Bg5 Bb4+ 5. Nc3 Nbd7 6. cxd5 exd5 7. e3 c5 8.
Bd3 c4 9. Bf5 Qa5 10. Qc2 O-O 11. O-O Re8 12. Nd2 g6 13. Bh3 Kg7 14. a3 Bxc3
15. Qxc3 Qxc3 16. bxc3 Nb6 17. Bxc8 Raxc8 18. Bxf6+ Kxf6 19. a4 Rc7 20. Rfb1
Nc8 21. Rb5 Rd7 22. Rab1 b6 23. h4 h6 24. Kf1 Re6 25. Ke2 Ke7 26. g4 Kd6 27. f3
Kc6 28. e4 Nd6 29. Rxd5 Nxe4 30. fxe4 Rxd5 31. Kd1 Ra5 32. d5+ Rxd5 33. exd5+
Kxd5 34. Rb5+ Kc6 35. Rb4 f5 36. Rxc4+ Kd5 37. Rd4+ Kc6 38. gxf5 gxf5 39. Rf4
Re3 40. Kc2 Rh3 41. Nf3 Kd5 42. Kd3 a6 43. Rxf5+ 1-0

[Event "AChIP06"]
[Site "Paris"]
[Date "????.??.??"]
[Round "9.12"]
[White "El Farihi, Mohsine"]
[Black "Cruz Alvarez De Ron, Dan"]
[Result "1-0"]
[WhiteElo "2153"]
[BlackElo "2219"]
[PlyCount "81"]

1. d4 Nf6 2. c4 e6 3. Nc3 Bb4 4. Qc2 O-O 5. a3 Bxc3+ 6. Qxc3 b5 7. cxb5 c6 8.
Bg5 cxb5 9. e3 Bb7 10. f3 a6 11. Bd3 d6 12. Ne2 Nbd7 13. O-O Qb6 14. Kh1 h6 15.
Bh4 e5 16. Rac1 Rac8 17. Qd2 e4 18. Bb1 exf3 19. gxf3 g5 20. e4 Nh7 21. Bf2 f5
22. Ng3 fxe4 23. Rxc8 Rxc8 24. fxe4 Nhf6 25. Be3 Kh8 26. d5 Qd8 27. Bd4 Ne5 28.
Nf5 Kh7 29. h4 Nfg4 30. hxg5 Nc4 31. Qf4 Qxg5 32. Qxg5 hxg5 33. Ne7 Rb8 34.
Rf7+ Kh6 35. e5 Rh8 36. exd6 Nce5 37. Ng8+ Kh5 38. Rxb7 Kh4 39. Bxe5 Nxe5 40.
Rh7+ Rxh7 41. Bxh7 1-0

[Event "AChIP06"]
[Site "Paris"]
[Date "????.??.??"]
[Round "9.13"]
[White "Troffiguer, Olivier"]
[Black "Eusebe, Aurelien"]
[Result "1/2-1/2"]
[WhiteElo "2148"]
[BlackElo "2208"]
[PlyCount "103"]

1. d4 Nf6 2. Nf3 e6 3. c4 c5 4. Nc3 a6 5. g3 cxd4 6. Nxd4 Qc7 7. Qd3 Nc6 8.
Nxc6 Qxc6 9. e4 Ng4 10. Qe2 h5 11. h3 Ne5 12. f4 Ng6 13. Bg2 d6 14. Be3 Bd7 15.
Rc1 Qc7 16. O-O Be7 17. Rfd1 Rc8 18. e5 dxe5 19. f5 Nf8 20. fxe6 fxe6 21. Ne4
Bc6 22. c5 Rd8 23. Nd6+ Bxd6 24. cxd6 Rxd6 25. Rxd6 Qxd6 26. Bxc6+ bxc6 27.
Qxa6 Kf7 28. Bc5 Qd8 29. Rf1+ Kg6 30. Qxc6 Kh7 31. Bxf8 Rxf8 32. Qe4+ Kg8 33.
Rxf8+ Kxf8 34. Qxe5 Qd1+ 35. Kf2 Qd2+ 36. Qe2 Qd4+ 37. Kg2 Ke7 38. b3 h4 39.
gxh4 Qxh4 40. Qg4 Qf6 41. Qb4+ Kd7 42. Qd2+ Ke7 43. b4 Qe5 44. h4 Qe4+ 45. Kg3
Ke8 46. a3 Qg6+ 47. Kh2 Qe4 48. Qf2 Qe5+ 49. Qg3 Qe2+ 50. Kh3 Qf1+ 51. Kh2 Qe2+
52. Kh3 1/2-1/2

[Event "AChIP06"]
[Site "Paris"]
[Date "????.??.??"]
[Round "9.14"]
[White "Giroux, Fabrice"]
[Black "Sahetchian, Armand"]
[Result "0-1"]
[WhiteElo "2204"]
[BlackElo "2149"]
[PlyCount "88"]

1. e4 c6 2. d4 d5 3. exd5 cxd5 4. c4 Nf6 5. Nc3 e6 6. Nf3 Be7 7. Bd3 dxc4 8.
Bxc4 O-O 9. O-O Nbd7 10. Bb3 Nb6 11. Ne5 Nbd5 12. a3 Qc7 13. Qf3 Qb6 14. Ne2 a5
15. Bg5 a4 16. Bc4 Qxb2 17. Rfb1 Qc2 18. Bd3 Qc7 19. Rc1 Qa5 20. Nc4 Qa7 21.
Ne5 Qa5 22. Nf4 Rd8 23. Nxd5 Qxd5 24. Qh3 Qxd4 25. Bxh7+ Nxh7 26. Bxe7 Rd5 27.
Nf3 Qd3 28. Qg4 Bd7 29. Re1 Re8 30. Bb4 e5 31. Qh4 e4 32. Re3 Qc2 33. Nd2 Rxd2
34. Bxd2 Qxd2 35. h3 Bc6 36. Rae1 Nf8 37. Qg4 Rd8 38. R3e2 Qc3 39. Re3 Rd3 40.
Qc8 Qxa3 41. h4 Qd6 42. h5 Rxe3 43. Rxe3 Qd1+ 44. Kh2 Qxh5+ 0-1

[Event "AChIP06"]
[Site "Paris"]
[Date "????.??.??"]
[Round "9.15"]
[White "Soulages, Laurent"]
[Black "Pozdnjakov, Viatcheslav"]
[Result "1/2-1/2"]
[WhiteElo "2115"]
[BlackElo "2192"]
[PlyCount "87"]

1. c4 c6 2. g3 d5 3. Bg2 Nf6 4. Nf3 Bf5 5. cxd5 cxd5 6. Qb3 Qb6 7. Nc3 Qxb3 8.
axb3 Nc6 9. d3 Rc8 10. O-O a6 11. Bg5 e6 12. Rfc1 Be7 13. Na4 h6 14. Be3 O-O
15. Nb6 Rcd8 16. Nd4 Nxd4 17. Bxd4 Bd6 18. Bc5 Rfe8 19. Bxd6 Rxd6 20. Nc8 Rdd8
21. Nb6 Nd7 22. Nxd7 Rxd7 23. d4 Kf8 24. Ra5 Ke7 25. b4 Kd6 26. Rac5 Bg6 27.
R1c3 Ree7 28. e3 Rc7 29. Bf1 f6 30. f4 Be8 31. Kf2 Bc6 32. b5 Bxb5 33. Bxb5
axb5 34. Rxc7 Rxc7 35. Rxc7 Kxc7 36. g4 Kd6 37. Kg3 b4 38. Kh4 Ke7 39. Kh5 Kf7
40. b3 e5 41. f5 exd4 42. exd4 Kg8 43. Kg6 Kf8 44. h4 1/2-1/2

[Event "Championnat de Paris"]
[Site "Paris FRA"]
[Date "2006.07.12"]
[Round "5"]
[White "Moradiabadi, Elshan"]
[Black "Dizdar, Goran"]
[Result "1-0"]
[WhiteElo "2505"]
[BlackElo "2521"]
[PlyCount "71"]
[EventDate "2006.??.??"]

1. d4 Nf6 2. Nf3 d5 3. c4 e6 4. Nc3 Bb4 5. cxd5 exd5 6. Bg5 h6 7. Bh4 c5 8. e3
c4 9. Nd2 g5 10. Bg3 Bf5 11. Be2 Nbd7 12. O-O Qa5 13. Qc1 O-O 14. a3 Bxc3 15.
bxc3 Rac8 16. f3 Bd3 17. Re1 Rfe8 18. Bd1 Re6 19. Nf1 Rce8 20. Qd2 Nf8 21. Bc2
Bxc2 22. Qxc2 Ng6 23. a4 Qd8 24. Bf2 Nh5 25. a5 a6 26. Nd2 Nf6 27. Nf1 Nh5 28.
Reb1 R8e7 29. Rb2 Ng7 30. Ng3 Nh4 31. e4 g4 32. Nf1 Rd7 33. exd5 Rg6 34. fxg4
Rxg4 35. Ne3 Rg6 36. Qe4 1-0

[Event "Championnat de Paris"]
[Site "Paris FRA"]
[Date "2006.07.12"]
[Round "5"]
[White "Drasko, Milan"]
[Black "Bauer, Christian"]
[Result "1/2-1/2"]
[WhiteElo "2521"]
[BlackElo "2599"]
[PlyCount "69"]
[EventDate "2006.??.??"]

1. Nf3 b6 2. g3 Bb7 3. Bg2 g6 4. d4 Bg7 5. O-O f5 6. b3 Nf6 7. Bb2 O-O 8. Nbd2
e6 9. e3 Qe7 10. Qe2 c5 11. Rfd1 Na6 12. Ne1 d5 13. c4 Rac8 14. Rac1 Rfd8 15.
Nd3 Nb4 16. Nxb4 cxb4 17. cxd5 Nxd5 18. Nc4 Nf6 19. a4 Bxg2 20. Kxg2 Qb7+ 21.
Qf3 Ne4 22. Nd2 Qd5 23. Rxc8 Rxc8 24. Rc1 Rxc1 25. Bxc1 Ng5 26. Qxd5 exd5 27.
Nf3 Ne6 28. Ne1 Kf7 29. Nd3 a5 30. h3 g5 31. g4 Kg6 32. f3 h5 33. Bd2 Bf6 34.
Kf2 hxg4 35. fxg4 1/2-1/2

[Event "Championnat de Paris"]
[Site "Paris FRA"]
[Date "2006.07.12"]
[Round "5"]
[White "Tregubov, Pavel V"]
[Black "Pira, Davoud"]
[Result "0-1"]
[WhiteElo "2594"]
[BlackElo "2386"]
[PlyCount "96"]
[EventDate "2006.??.??"]

1. d4 c5 2. d5 Nf6 3. c4 g6 4. Nc3 Bg7 5. e4 d6 6. h3 O-O 7. Nf3 a6 8. Bd3 b5
9. cxb5 axb5 10. Nxb5 Ba6 11. Nc3 Qb6 12. O-O Bxd3 13. Qxd3 Na6 14. Qe2 Rfb8
15. Nd2 Nc7 16. Nc4 Qa6 17. Bd2 Nd7 18. Rfe1 Rb4 19. b3 Rbb8 20. Qf3 Ne5 21.
Nxe5 Bxe5 22. Rab1 Nb5 23. Nxb5 Qxb5 24. Bf4 Rxa2 25. Bxe5 dxe5 26. Qc3 f6 27.
Rbc1 Qxb3 28. Qxc5 Qb6 29. Qxb6 Rxb6 30. Re3 Rbb2 31. Rf3 Rd2 32. g4 g5 33. Rc6
Kf7 34. Rc4 Re2 35. Kg2 Rad2 36. Ra4 Rd4 37. Rxd4 exd4 38. Rd3 Rxe4 39. f3 Rf4
40. Ra3 Ke8 41. Kf2 Kd7 42. Ra8 d3 43. Ke3 d2 44. Ra1 Ra4 45. Rd1 Ra2 46. f4
Kd6 47. fxg5 fxg5 48. Kd4 Ra5 0-1

[Event "Championnat de Paris"]
[Site "Paris FRA"]
[Date "2006.07.12"]
[Round "5"]
[White "Fedorchuk, Sergey A"]
[Black "Evdokimov, Alexander A"]
[Result "1-0"]
[WhiteElo "2592"]
[BlackElo "2500"]
[PlyCount "123"]
[EventDate "2006.??.??"]

1. e4 c5 2. Nf3 d6 3. d4 cxd4 4. Nxd4 Nf6 5. Nc3 g6 6. Be3 Bg7 7. f3 O-O 8. Qd2
Nc6 9. O-O-O d5 10. exd5 Nxd5 11. Nxc6 bxc6 12. Bd4 Bxd4 13. Qxd4 Qb6 14. Na4
Qa5 15. b3 Bf5 16. g4 Be6 17. Qe5 Qb4 18. c4 Nf6 19. h4 Rad8 20. Be2 Nd7 21.
Qe3 Nb6 22. Qc5 Qxc5 23. Nxc5 Bc8 24. b4 Be6 25. Nxe6 fxe6 26. Kc2 e5 27. a4
Rd4 28. a5 Nd7 29. Rhe1 Rb8 30. Kc3 Kf8 31. Bd3 Rd8 32. Re4 Rd6 33. g5 Ke8 34.
Re3 Rd4 35. Rh1 Nf8 36. h5 Kf7 37. hxg6+ hxg6 38. Be4 Rc8 39. Bc2 Rf4 40. Rh3
Ke6 41. Rh6 Kf7 42. Be4 Kg7 43. Rd3 Kf7 44. Rd1 Kg7 45. a6 Kf7 46. Ra1 Ke6 47.
Ra5 Rc7 48. Rc5 Kd6 49. Kd2 e6 50. Kc3 Nd7 51. Ra5 Nf8 52. Rh1 Nd7 53. Rh7 c5
54. Ra1 cxb4+ 55. Kxb4 Nb6 56. Rxc7 Kxc7 57. Rh1 Nc8 58. Rh7+ Kb6 59. Rb7+ Kxa6
60. Rc7 Rf8 61. c5 Rf4 62. Rxc8 1-0

[Event "Championnat de Paris"]
[Site "Paris FRA"]
[Date "2006.07.12"]
[Round "5"]
[White "Calistri, Tristan"]
[Black "Landa, Konstantin"]
[Result "0-1"]
[WhiteElo "2370"]
[BlackElo "2584"]
[PlyCount "110"]
[EventDate "2006.??.??"]

1. e4 c6 2. d4 d5 3. Nc3 dxe4 4. Nxe4 Bf5 5. Ng3 Bg6 6. h4 h6 7. Nf3 Nd7 8. h5
Bh7 9. Bd3 Bxd3 10. Qxd3 e6 11. Bf4 Qa5+ 12. Bd2 Bb4 13. c3 Be7 14. c4 Qc7 15.
O-O-O Ngf6 16. Kb1 O-O 17. Rhe1 b5 18. Rc1 a6 19. Ne5 Nxe5 20. dxe5 Rfd8 21.
Qc2 Nd7 22. Be3 bxc4 23. f4 Bb4 24. Re2 c3 25. f5 Qxe5 26. Bf2 cxb2 27. Rd1 Qc3
28. fxe6 Qxc2+ 29. Kxc2 fxe6 30. Rxe6 Nc5 31. Rxd8+ Rxd8 32. Bxc5 Rd2+ 33. Kb1
Bxc5 34. Ne4 Rd5 35. Kxb2 Rxh5 36. Rxc6 Bd4+ 37. Kc2 Ra5 38. Kb3 Re5 39. Nd6
Rg5 40. Rxa6 Bg1 41. Ra8+ Kh7 42. a4 Rg3+ 43. Kc4 Rxg2 44. a5 h5 45. a6 Ra2 46.
Nf5 g6 47. Kb3 Ra1 48. Nh4 Kg7 49. Kb2 Bd4+ 50. Kc2 Bf6 51. Ra7+ Kh6 52. Nf3 g5
53. Kd3 g4 54. Nd2 g3 55. Ke4 g2 0-1

[Event "Championnat de Paris"]
[Site "Paris FRA"]
[Date "2006.07.12"]
[Round "5"]
[White "Jankovic, Alojzije"]
[Black "Marzolo, Cyril"]
[Result "1/2-1/2"]
[WhiteElo "2525"]
[BlackElo "2440"]
[PlyCount "32"]
[EventDate "2006.??.??"]

1. d4 Nf6 2. Nf3 e6 3. e3 c5 4. c4 d5 5. Nc3 a6 6. a3 dxc4 7. Bxc4 b5 8. Ba2
Bb7 9. O-O Be7 10. Qe2 Nbd7 11. e4 cxd4 12. Nxd4 Qb8 13. Bg5 Bd6 14. Kh1 h6 15.
Bd2 Be5 16. Nf3 Bc7 1/2-1/2

[Event "Championnat de Paris"]
[Site "Paris FRA"]
[Date "2006.07.12"]
[Round "5"]
[White "David, Alberto"]
[Black "Chabanon, Jean Luc"]
[Result "1/2-1/2"]
[WhiteElo "2546"]
[BlackElo "2404"]
[PlyCount "40"]
[EventDate "2006.??.??"]

1. d4 Nf6 2. c4 e6 3. Nf3 c5 4. e3 d5 5. Nc3 dxc4 6. Bxc4 a6 7. a4 Nc6 8. O-O
Be7 9. Qe2 cxd4 10. Rd1 e5 11. exd4 exd4 12. Nxd4 Nxd4 13. Qe5 Qd6 14. Qxd4
Qxd4 15. Rxd4 Bc5 16. Rd1 O-O 17. Bg5 Bg4 18. Rd3 Bf5 19. Rf3 Bg6 20. Nd5 b5
1/2-1/2

[Event "Championnat de Paris"]
[Site "Paris FRA"]
[Date "2006.07.12"]
[Round "5"]
[White "Draoui, Najib"]
[Black "Fressinet, Laurent"]
[Result "0-1"]
[WhiteElo "2379"]
[BlackElo "2626"]
[PlyCount "50"]
[EventDate "2006.??.??"]

1. e4 e5 2. Nf3 Nc6 3. Bb5 Nf6 4. O-O Nxe4 5. d4 Nd6 6. dxe5 Nxb5 7. a4 d6 8.
Bg5 Be7 9. axb5 Nxe5 10. Bxe7 Qxe7 11. Nc3 Bg4 12. Nd5 Qd8 13. Qc1 Nxf3+ 14.
gxf3 Be6 15. Qe3 O-O 16. Rfd1 Re8 17. Qf4 Bxd5 18. Rxd5 Re6 19. Kh1 Qe7 20. c4
b6 21. Rg1 a6 22. bxa6 Rxa6 23. b4 Ra4 24. Rdd1 g6 25. Qd4 Qf6 0-1

[Event "Championnat de Paris"]
[Site "Paris FRA"]
[Date "2006.07.12"]
[Round "5"]
[White "Leconte, Maria"]
[Black "Fridman, Daniel"]
[Result "0-1"]
[WhiteElo "2304"]
[BlackElo "2569"]
[PlyCount "94"]
[EventDate "2006.??.??"]

1. e4 c5 2. Nf3 d6 3. d4 cxd4 4. Nxd4 Nf6 5. Nc3 a6 6. g3 Bg4 7. f3 Bd7 8. Be3
Nc6 9. Qd2 e6 10. g4 h6 11. O-O-O b5 12. h4 b4 13. Nce2 Ne5 14. Ng3 Qa5 15. Kb1
Bb5 16. g5 hxg5 17. hxg5 Rxh1 18. Nxh1 Bxf1 19. Rxf1 Nc4 20. Qd3 Nxe3 21. Qxe3
Nd7 22. g6 Be7 23. gxf7+ Kxf7 24. f4 Bf6 25. f5 exf5 26. Rxf5 Qb6 27. Ng3 Rh8
28. Rf1 Ke8 29. Nge2 Kd8 30. Rd1 Kc8 31. c3 Ne5 32. cxb4 Qxb4 33. Rc1+ Kb7 34.
Rc3 Nc4 35. Rb3 Rh1+ 36. Nc1 Nxe3 37. Rxb4+ Kc7 38. Nde2 a5 39. Rb3 Nc4 40. Kc2
Rh4 41. Ng3 Be5 42. Nce2 Rh2 43. Kc1 Rg2 44. a4 Kc6 45. Rb8 Bxg3 46. Nxg3 Rg1+
47. Kc2 Ne3+ 0-1

[Event "Championnat de Paris"]
[Site "Paris FRA"]
[Date "2006.07.12"]
[Round "5"]
[White "Badev, Kiril"]
[Black "Bellaiche, Anthony"]
[Result "0-1"]
[WhiteElo "2340"]
[BlackElo "2482"]
[PlyCount "122"]
[EventDate "2006.??.??"]

1. e4 c5 2. Nf3 d6 3. d4 cxd4 4. Nxd4 Nf6 5. Nc3 a6 6. Bg5 e6 7. Qf3 Nbd7 8.
O-O-O h6 9. Be3 Qc7 10. Qh3 Nc5 11. f3 b5 12. Qg3 Bd7 13. Kb1 b4 14. Nce2 Rc8
15. Rc1 Qb8 16. Nb3 Na4 17. Nf4 g5 18. Nd3 Nh5 19. Qf2 Bg7 20. Bd4 e5 21. Ba7
Qb7 22. Be3 Ra8 23. Qd2 a5 24. Nf2 Qc7 25. Rd1 Rc8 26. Ba6 O-O 27. Bxc8 Rxc8
28. Rc1 Be6 29. h4 Ng3 30. Rhd1 Qc4 31. Qd3 Ne2 32. Qxc4 Bxc4 33. hxg5 hxg5 34.
Nxa5 Be6 35. Rxd6 Nxc1 36. Bxc1 Bf8 37. Rd1 Be7 38. Nb3 Nb6 39. Nd2 f6 40. Nf1
Kf7 41. Ne3 Nc4 42. Nxc4 Bxc4 43. b3 Be2 44. Re1 Bb5 45. Kb2 Rh8 46. Nd3 Rh2
47. Re2 Bc5 48. c4 bxc3+ 49. Kxc3 Bd4+ 50. Kc2 Rh8 51. Rd2 Rc8+ 52. Kd1 Bc3 53.
Ne1 Bxd2 54. Bxd2 Bf1 55. a4 Ke6 56. g3 Rh8 57. Kc2 Rh3 58. b4 Rxg3 59. b5 Kd7
60. Be3 g4 61. Bf2 Rh3 0-1

[Event "Championnat de Paris"]
[Site "Paris FRA"]
[Date "2006.07.13"]
[Round "6"]
[White "Houhou, Olivier"]
[Black "Rohit, G."]
[Result "1/2-1/2"]
[WhiteElo "2255"]
[BlackElo "2401"]
[PlyCount "86"]
[EventDate "2006.??.??"]

1. e4 c5 2. Nf3 e6 3. d4 cxd4 4. Nxd4 a6 5. Bd3 Bc5 6. Nb3 Ba7 7. Qe2 d6 8. Be3
Nc6 9. O-O Nf6 10. Bxa7 Rxa7 11. f4 e5 12. f5 O-O 13. c4 a5 14. Nc3 a4 15. Nc1
Nd4 16. Qd2 Bd7 17. N1e2 Bc6 18. h3 Re8 19. Rad1 Qb6 20. Kh2 Qa5 21. Bb1 Nxe2
22. Qxe2 Rd8 23. g4 a3 24. g5 Ne8 25. g6 Nf6 26. gxh7+ Nxh7 27. Rg1 f6 28. Rg3
axb2 29. Rdg1 Rd7 30. Qxb2 Qc5 31. Qg2 b6 32. Nd5 Bxd5 33. cxd5 Rdc7 34. h4 Kf8
35. Qe2 Ra3 36. Rxa3 Qxa3 37. Bd3 Rc3 38. Rg3 Qc1 39. Qg4 Qd2+ 40. Kh3 Qh6 41.
Kg2 Qd2+ 42. Kh3 Qh6 43. Kg2 Qd2+ 1/2-1/2

[Event "Championnat de Paris"]
[Site "Paris FRA"]
[Date "2006.07.13"]
[Round "6"]
[White "Fressinet, Laurent"]
[Black "Drasko, Milan"]
[Result "1-0"]
[WhiteElo "2626"]
[BlackElo "2521"]
[PlyCount "64"]
[EventDate "2006.??.??"]

1. e4 e6 2. d4 d5 3. e5 c5 4. c3 Nc6 5. Nf3 Bd7 6. Be2 Rc8 7. O-O Nge7 8. Na3
Ng6 9. g3 cxd4 10. cxd4 Be7 11. h4 O-O 12. h5 Nh8 13. h6 g6 14. Nc2 f6 15. exf6
Bxf6 16. Ne3 Nf7 17. Ng4 Be7 18. Bf4 Qb6 19. b4 a6 20. a4 Nd6 21. b5 axb5 22.
axb5 Na5 23. Nge5 Be8 24. Bg5 Rc7 25. Bxe7 Rxe7 26. Qd2 Nb3 27. Qg5 Rc7 28. Ra8
Nxd4 29. Nxd4 Qxd4 30. Qd8 Qc5 31. b6 Qxb6 32. Nd7 Nf7 1-0

[Event "Championnat de Paris"]
[Site "Paris FRA"]
[Date "2006.07.13"]
[Round "6"]
[White "Bauer, Christian"]
[Black "Marzolo, Cyril"]
[Result "1/2-1/2"]
[WhiteElo "2599"]
[BlackElo "2440"]
[PlyCount "81"]
[EventDate "2006.??.??"]

1. c4 e6 2. Nf3 Nf6 3. g3 d5 4. d4 dxc4 5. Bg2 Nc6 6. Qa4 Nd7 7. Qxc4 Nb6 8.
Qb5 a6 9. Qd3 e5 10. Nxe5 Nb4 11. Qc3 Qxd4 12. Qxc7 Be6 13. Bxb7 Qd6 14. Qxd6
Bxd6 15. Bxa8 Nxa8 16. Nd3 Nc2+ 17. Kd1 Nxa1 18. Nc3 Nb3 19. axb3 Bxb3+ 20. Ke1
O-O 21. Be3 Rb8 22. Ba7 Rb7 23. Bc5 Bc7 24. Kd2 Bc4 25. b4 Nb6 26. Ra1 Nd7 27.
Be3 f6 28. f4 Nb8 29. Bc5 Nd7 30. Be3 Nb8 31. Ra4 Nc6 32. Bc5 a5 33. bxa5 Nxa5
34. Ke1 Rb3 35. Bd4 Bxd3 36. exd3 Nc6 37. Rc4 Nxd4 38. Rxc7 Rb2 39. Ne4 Rxh2
40. Rd7 Nf3+ 41. Kf1 1/2-1/2

[Event "Championnat de Paris"]
[Site "Paris FRA"]
[Date "2006.07.13"]
[Round "6"]
[White "Guliyev, Namig"]
[Black "Chabanon, Jean Luc"]
[Result "1/2-1/2"]
[WhiteElo "2543"]
[BlackElo "2404"]
[PlyCount "112"]
[EventDate "2006.??.??"]

1. e4 c5 2. Nf3 d6 3. d4 cxd4 4. Nxd4 Nf6 5. Nc3 Nc6 6. Bc4 e6 7. Bb3 Be7 8.
Be3 O-O 9. O-O Bd7 10. f4 Nxd4 11. Bxd4 Bc6 12. Qd3 b5 13. a3 a5 14. Rae1 b4
15. axb4 axb4 16. Nd1 Qd7 17. Qg3 d5 18. exd5 Bxd5 19. Bxd5 Qxd5 20. c3 Bc5 21.
Bxc5 Qxc5+ 22. Kh1 bxc3 23. Nxc3 Rab8 24. f5 Qc6 25. fxe6 Kh8 26. e7 Rfe8 27.
Re2 Rb7 28. Rfe1 Ng8 29. Qg5 Rd7 30. h3 f6 31. Qg3 Rdxe7 32. Rxe7 Rxe7 33. Rxe7
Nxe7 34. b4 Kg8 35. Qd3 Kf7 36. b5 Qc5 37. Ne4 Qc1+ 38. Kh2 Qc7+ 39. g3 Qe5 40.
Qb3+ Qd5 41. Qxd5+ Nxd5 42. Kg2 Ke6 43. Kf3 Kd7 44. Nd2 Nc7 45. b6 Nd5 46. Nc4
Kc6 47. Ke4 Nxb6 48. Nxb6 Kxb6 49. Kd5 Kc7 50. Ke6 f5 51. h4 Kd8 52. Kf7 g6 53.
Kg7 Ke7 54. Kxh7 Kf7 55. Kh6 Kf6 56. Kh7 Kf7 1/2-1/2

[Event "Championnat de Paris"]
[Site "Paris FRA"]
[Date "2006.07.13"]
[Round "6"]
[White "Shirazi, Kamran"]
[Black "Kazhgaleyev, Murtas"]
[Result "0-1"]
[WhiteElo "2429"]
[BlackElo "2606"]
[PlyCount "112"]
[EventDate "2006.??.??"]

1. e4 c5 2. b4 cxb4 3. a3 d5 4. exd5 Qxd5 5. Nf3 e5 6. c4 Qd8 7. axb4 e4 8. Ne5
Nf6 9. Qa4+ Nbd7 10. c5 Be7 11. c6 bxc6 12. Nxc6 Qc7 13. Nc3 Nb6 14. Qc2 O-O
15. Nb5 Qd7 16. Nxe7+ Qxe7 17. Qc5 Qd7 18. Nc7 Rb8 19. Bb5 Qg4 20. O-O Bd7 21.
Ba6 Be6 22. Ra3 Nbd7 23. Qxa7 Ne5 24. Rg3 Qf5 25. Bb2 Nh5 26. Nxe6 fxe6 27. Qd4
Ng6 28. f4 Rbd8 29. Qc3 Qf7 30. Rg5 Nhxf4 31. Rxf4 Qa7+ 32. Qe3 Qxa6 33. Rxf8+
Rxf8 34. h4 Rf1+ 35. Kh2 Qd6+ 36. Rg3 Qxb4 37. Qc3 Qxc3 38. Bxc3 Rf4 39. Rg5
Rxh4+ 40. Kg3 Rh1 41. Ra5 h5 42. Ra6 Rh4 43. Rxe6 Rg4+ 44. Kf2 h4 45. Kf1 Kf7
46. Ra6 Nf4 47. Ra7+ Kg8 48. Re7 Nxg2 49. Bxg7 Rxg7 50. Rxe4 h3 51. Kg1 Ne1+
52. Kf2 Rg2+ 53. Ke3 Rg1 54. Rh4 Ng2+ 55. Kf2 Nxh4 56. Kxg1 Ng6 0-1